Capital Market in India (Record no. 46247)

MARC details
000 -LEADER
fixed length control field 00442nam a2200181Ia 4500
008 - FIXED-LENGTH DATA ELEMENTS--GENERAL INFORMATION
fixed length control field 220531s9999 xx 000 0 und d
041 ## - LANGUAGE CODE
Language code of text/sound track or separate title eng
082 ## - DEWEY DECIMAL CLASSIFICATION NUMBER
Classification number -
Item number CAP / AHR
100 ## - MAIN ENTRY--PERSONAL NAME
Personal name Ahrwal, B. L.
9 (RLIN) 84005
245 ## - TITLE STATEMENT
Title Capital Market in India
250 ## - EDITION STATEMENT
Edition statement 1ST
260 ## - PUBLICATION, DISTRIBUTION, ETC. (IMPRINT)
Place of publication, distribution, etc. Agra
Name of publisher, distributor, etc. Current
Date of publication, distribution, etc. 2013
300 ## - PHYSICAL DESCRIPTION
Extent 272
542 ## - INFORMATION RELATING TO COPYRIGHT STATUS
Copyright holder 10-07-2018
650 ## - SUBJECT ADDED ENTRY--TOPICAL TERM
Topical term or geographic name as entry element Capital Market
9 (RLIN) 84006
906 ## - LOCAL DATA ELEMENT F, LDF (RLIN)
d 2018-2019
f 12805
Holdings
Withdrawn status Lost status Source of classification or shelving scheme Damaged status Not for loan Collection code Home library Current library Date acquired Vendor Cost, normal purchase price Total Checkouts Total Holds Full call number Barcode Date last seen Cost, replacement price Bill Date Koha item type Original Barcode
    Dewey Decimal Classification       Shri Siddhivinayak Mahila Mahavidyalaya Shri Siddhivinayak Mahila Mahavidyalaya 23/07/2018 Pritam 899.00   1 -/CAP/AHR/B/24204 SSMM-BK-24204 06/08/2022 899.00 06/08/2022 Books 010024204